R for Data Analysis in Easy Steps
Guardado en:
| Autor principal: | |
|---|---|
| Formato: | Libro |
| Lenguaje: | inglés |
| Publicado: |
Leamington Spa
In Easy Steps Limited
2018
|
| Materias: | |
| Etiquetas: |
Sin Etiquetas, Sea el primero en etiquetar este registro!
|
MARC
| LEADER | 00000nam a2200000 4500 | ||
|---|---|---|---|
| 001 | 0279685 | ||
| 005 | 20240416113822.8 | ||
| 020 | |a 978-1-84078-795-5 | ||
| 041 | 0 | |a eng | |
| 044 | |a GB | ||
| 245 | 1 | 0 | |a R for Data Analysis in Easy Steps |c Mike McGrath |
| 264 | 1 | |a Leamington Spa |b In Easy Steps Limited |c 2018 | |
| 300 | |a 192 s. | ||
| 610 | 2 | 0 | |a jazyky programovacie |
| 610 | 2 | 0 | |a programovanie |
| 610 | 2 | 0 | |a analýza dát |
| 610 | 2 | 0 | |a softvér |
| 610 | 2 | 0 | |a grafika počítačová |
| 100 | 1 | |a McGrath, Mike | |